000 00568nam a2200217Ia 4500
005 20241129111427.0
008 241129s9999||||xx |||||||||||||| ||und||
020 _a978-81-19230-02-0
037 _aTB
040 _aCRL
_beng
_cCRL
041 _aurd
_2urd
084 _aQ7v 168R3
_qCRL
100 _aAslam Reza Au.
_9724395
245 0 _aLa sharik
_cAslam Reza Au.
260 _aLucknow, India
_bMatterlink
_c2023
300 _a367p.
365 _aINR
_b700
650 _aIslamReligion
_9726305
942 _cTB
_hQ7v 168R3
999 _c1230420
_d1230420